000 00723nam0a22002531 4500
001 v19\rc\1876808
005 20251118180302.4
035 _a(NLR Aleph) 004966949
090 _a6043820
_c6043820
100 _a20080221d1910 u y0rusy50 ca
101 0 _arus
102 _aRU
105 _ay z |||||
200 1 _aКлюч к откровению святого Иоанна и к пророчеству пророка Даниила
_fФ. Лунге
210 _aБендеры
_d1910
215 _a18 с.
700 1 _aЛунге
_bФ.
801 0 _aRU
_bNLR
_gpsbo
801 0 _aRU
_bRuMoRGB
_2psbo
801 1 _aRU
_bProSoft-M
_2rusmarc
852 _aNLR
_j18.339.2.1309
899 _aБАН
942 _cBOOK
980 _aNB